L'évangile médité pour tous les jours de l'année, suivant la concorde des quatre évangélistes.

Detalles Bibliográficos
Formato: Libro
Publicado: París 1829
Materias:
Colección:Banco de datos
Acervo:Biblioteca Nacional de Antropología e Historia. Fondo Conventual
Descripción Física:t. III
Tema general:Biblia
Notas:Regular. XII,1,9
LEADER 00674nam a22001930004500
035 |a 11945 
036 |a 6550 
245 1 0 |a L'évangile médité pour tous les jours de l'année, suivant la concorde des quatre évangélistes. 
260 |a París  |b Adrián le clere y cía.  |c 1829 
300 |a t. III 
500 |a Regular. XII,1,9 
650 1 0 |a Biblia 
949 |a B.N.A.H. 
959 |a Biblioteca Nacional de Antropología e Historia. Ciudad de México  |b CCC1 
960 |a Seminario de Morelia  |b DD56 
961 |a Casa de formación del Clero Secular  |b CS 
942 |c B.N.A.H. 
943 |g Biblioteca Nacional de Antropología e Historia. Fondo Conventual 
999 |c 1036477  |d 1036477